| 000 | 01525aam a2200361 i 4500 | ||
|---|---|---|---|
| 001 | 69550 | ||
| 003 | Mx-PuUPA | ||
| 005 | 20240521145823.0 | ||
| 008 | 211209s2012 mx a|||gr|||| 001 0 spa d | ||
| 020 | _a9789703255214 | ||
| 040 |
_aMx-PuUPA _bspa _cMx-PuUPA _dMx-PuUPA _erda |
||
| 041 | 1 |
_aspa _heng |
|
| 100 | 1 |
_911851 _aMascelli, Joseph V., _eautor |
|
| 240 | 1 | 4 |
_aThe five C's of cinematography. _lEspañol |
| 245 | 1 | 4 |
_aLas cinco claves de la cinematografía : _btécnicas para la realización fílmica / _cJoseph V. Mascelli ; traducción, Magdalena del Carmen Uribe Jiménez |
| 250 | _aPrimera edición | ||
| 264 | 1 |
_aCiudad de México : _bUniversidad Nacional Autónoma de México, _c2012 _c©2018 |
|
| 300 |
_a236 páginas : _bilustraciones ; _c27 cm |
||
| 336 |
_2rdacontent _atexto _btxt |
||
| 336 |
_2rdacontent _aimagen fija _bsti |
||
| 337 |
_2rdamedia _asin medio _bn |
||
| 338 |
_2rdacarrier _avolumen _bnc |
||
| 490 | 0 | _aPraxis cinematográfica | |
| 650 | 7 |
_2armarc _aCinematografía _vGuías, manuales, etc. |
|
| 650 | 7 |
_2armarc _aCine _xProducción y dirección |
|
| 700 | 1 |
_aUribe Jiménez, Magdalena del Carmen, _etraductor |
|
| 765 | 0 | 8 |
_aMascelli, Joseph V., _d1965 _tThe five C's of cinematography. |
| 942 |
_2ddc _h791.43 _iM394 _cLI |
||
| 999 |
_c69550 _d69550 |
||